000
00255nam a2200109Ia 4500
008
200302s9999 xx 000 0 und d
100
_a
Lloyd Kahn
245
_a
Home work Handbuilt shelter
260
_b
Shelter Publications
260
_c
2004
300
_a
245
999
_c
7293
_d
7293